00601nam a2200169Ia 4500952013100000999001700131003000400148005001700152008004100169040000900210082001800219100002900237245005400266260006000320300000900380942004200389 00102ddc40708HISTORYaMESbMEScHISd2019-02-20g25.00l0o954.03 AHM/Wp5064r2019-02-20 00:00:00w2019-02-20yBKzGL36R4 c19034d19034OSt20200624124118.0190216s9999||||xx |||||||||||||| ||und|| coclc a954.03bAHM/W aAhmad, Qeyamuddin 93186 4aThe Wahabi Movement In India /c Qeyamuddin Ahmad bFirma K L Mukhopadhyay Publications,c1966.aCalcutta: a391p cBK2ddch954.03iAHM/Wk954.03mAHM/W